|
|
|
|
| LEADER |
00000nab a2200000 a 4500 |
| 001 |
vtls000138244 |
| 003 |
SK-MaSNL |
| 005 |
20260303025635.0 |
| 008 |
111104c1983 xo 0 slo |
| 015 |
|
|
|a SNBRB19rr/mm-uuuuu
|
| 035 |
|
|
|a CL0148350
|
| 040 |
|
|
|a SNKBUCL
|b slo
|c SNKBUCL
|e AACR2
|
| 041 |
0 |
|
|a slo
|
| 044 |
|
|
|a xo
|c SK
|
| 080 |
|
|
|a 631.1
|2 1981
|
| 100 |
1 |
|
|a Vachút, Michal
|4 aut
|9 1010247
|
| 245 |
1 |
0 |
|a Reálna úloha súčasnosti
|b Kľúč k sebestačnosti vo výrobe potravín
|c Michal Vachút, František Valášek
|
| 650 |
0 |
7 |
|a Školský poľnohospodársky podnik VŠP, Oponice
|2 snkbucl
|9 956466
|
| 651 |
|
7 |
|a 5206
|2 snkbucl
|9 283253
|
| 655 |
|
7 |
|a články z novín a časopisov
|2 snkbucl
|9 267496
|
| 700 |
1 |
|
|a Valášek, František,
|d 1926-2003
|4 aut
|9 97949
|
| 773 |
0 |
|
|t Roľnícke noviny
|g Roč. 38, č. 27 (2. 2. 1983), s. 5
|
| 850 |
|
|
|a Slovenská národná knižnica v Martine
|a MTA001
|
| 852 |
|
|
|a SNK
|b KIS3GCP
|
| 958 |
|
|
|a RK
|
| 992 |
|
|
|a RBX
|
| 999 |
|
|
|c 1647478
|d 1649408
|